000 00907nam a22002537a 4500
005 20240530110408.0
008 150208s2011 ua f 000 0 ara d
017 _a11986/2011
_bمصر . دار الكتب المصرية
020 _a9789771808435
040 _aEG-CaGPL
041 0 _aara
082 0 4 _221
_a320.51
_bق/ع ت
100 0 _aعفاف لطفى السيد
245 1 _aتجربة مصر الليبرالية 1922 - 1936 /
_cتاليف عفاف لطفى السيد
260 _aالقاهرة :
_bدار الكتب والوثائق القومية بالقاهرة ،
_c2011
300 _a399 ص ؛
_c20 سم
490 0 _aالثورة والحرية ؛
_v28
650 0 4 _aالليبرالية
650 0 4 _aالحرية
650 0 4 _aالراديكالية
651 0 4 _aمصر
_xالعلوم السياسية
942 _2ddc
_cBK
999 _c60400
_d60400